| 000 | 00331nam a2200109Ia 4500 | ||
|---|---|---|---|
| 008 | 200302s9999 xx 000 0 und d | ||
| 100 | _aRonald A. Altoon and Others | ||
| 245 | _aUrban Transformation Transit orinted development and the sustainable city | ||
| 260 | _bImages Publishing Group Pvt. Ltd. | ||
| 260 | _c2011 | ||
| 300 | _a192 | ||
| 999 |
_c7442 _d7442 |
||